Computer Oriented Numerical Methods (Record no. 7878)
[ view plain ]
| 000 -LEADER | |
|---|---|
| fixed length control field | 00322nam a2200133Ia 4500 |
| 008 - FIXED-LENGTH DATA ELEMENTS--GENERAL INFORMATION | |
| fixed length control field | 191201s2013 xx 000 0 und d |
| 082 ## - DEWEY DECIMAL CLASSIFICATION NUMBER | |
| Classification number | 004.0151 |
| Item number | RAC |
| 100 ## - MAIN ENTRY--PERSONAL NAME | |
| Personal name | RAJARAMAN, V |
| 245 #0 - TITLE STATEMENT | |
| Title | Computer Oriented Numerical Methods |
| 250 ## - EDITION STATEMENT | |
| Edition statement | Rep |
| 260 ## - PUBLICATION, DISTRIBUTION, ETC. (IMPRINT) | |
| Date of publication, distribution, etc | 2013 |
| Name of publisher, distributor, etc | PHI |
| Place of publication, distribution, etc | NEW DELHI |
| 300 ## - PHYSICAL DESCRIPTION | |
| Extent | 196 |
| 942 ## - ADDED ENTRY ELEMENTS (KOHA) | |
| Source of classification or shelving scheme | Dewey Decimal Classification |
| Koha item type | Text Books |
| 942 ## - ADDED ENTRY ELEMENTS (KOHA) | |
| -- | 11 |
| Withdrawn status | Lost status | Source of classification or shelving scheme | Damaged status | Not for loan | Collection code | Home library | Current library | Date acquired | Source of acquisition | Cost, normal purchase price | Bill Number | Total Checkouts | Full call number | Acc. no. / Barcode | Date last seen | Date last borrowed | Actual Cost, discounted price | Bill Date | Koha item type |
|---|---|---|---|---|---|---|---|---|---|---|---|---|---|---|---|---|---|---|---|
| Dewey Decimal Classification | BCA | PIET C-LIBRARY | PIET C-LIBRARY | 26/11/2013 | IBH, New Delhi | 150.00 | 15736 | 2 | 004.0151 RAC | BC764 | 13/12/2021 | 09/12/2021 | 100.80 | 26/11/2013 | Text Books | ||||
| Dewey Decimal Classification | BCA | PIET C-LIBRARY | PIET C-LIBRARY | 26/11/2013 | IBH, New Delhi | 150.00 | 15736 | 4 | 004.0151 RAC | BC765 | 15/12/2021 | 09/12/2021 | 100.80 | 26/11/2013 | Text Books | ||||
| Dewey Decimal Classification | BCA | PIET C-LIBRARY | PIET C-LIBRARY | 23/03/2017 | Kirti Prakashan | 150.00 | IN 5616 | 2 | 004.0151 RAC | BC1194 | 28/12/2023 | 23/12/2023 | 100.50 | 23/03/2017 | Text Books | ||||
| Dewey Decimal Classification | BCA | PIET C-LIBRARY | PIET C-LIBRARY | 23/03/2017 | Kirti Prakashan | 150.00 | IN 5616 | 5 | 004.0151 RAC | BC1195 | 20/09/2022 | 12/09/2022 | 100.50 | 23/03/2017 | Text Books |